Statistiche per Quiz sul Gambia

Clicka qui per fare il quiz!

Statistiche generali

  • Questo quiz è stato fatto 234 volte
  • Il punteggio medio è 10 su 13

Statistiche sulle risposte

HintRisposta% Corretto
Unico stato con cui confinaSenegal
98%
Il paese di cui il Gambia è stata una colonia tra il 1821 e il 1965Regno Unito
97%
Lingua ufficialeInglese
96%
Religione a cui appartiene il 95% della popolazione gambianaIslam
94%
CapitaleBanjul
83%
Il Gambia è il paese più piccolo dell'Africa continentale. Questo paese viene dopo.Eswatini
83%
Fiume che lo attraversa per interoFiume {Gambia}
83%
Paese in cui questo fiume ha inizioGuinea
83%
Grande impero di cui il Gambia faceva parte tra il c. 1230–1670Impero del {Mali}
83%
Mammifero africano "ridente" che è l'animale nazionale del paeseIena
77%
Nomina uno dei tre gruppi etnici dominanti del GambiaMandinka | Fula | Wolof
55%
Valuta del GambiaDalasi
40%
La forma del Gambia ha il più grande rapporto tra ____ e ____ di tutti i paesi del mondo. (Suggerimento: il Cile ha il rapporto più piccolo){Larghezza} e {Altezza}
36%

Distribuzione punteggi

Percentile per numero di risposta

Percentuale di utenti per punteggio

I tuoi punteggi nel tempo

Non hai fatto questo quiz